| 000 | 00829nam a2200265 i 4500 | ||
|---|---|---|---|
| 001 | 75586 | ||
| 003 | ES-MaACL | ||
| 005 | 20250828063245.0 | ||
| 007 | t| | ||
| 008 | 040927s1982 sp ||||1| spa d | ||
| 017 |
_aM 26068-1982 _bOficina Depósito Legal Madrid |
||
| 020 | _a84-7398-209-6 | ||
| 080 | _a35(460)(075.8) | ||
| 100 | 1 |
_aGuaita, Aurelio, _d1922-1990 _eaut _960276 |
|
| 245 | 1 | 0 |
_aDerecho administrativo : _baguas, montes, minas / _cAurelio Guaita |
| 250 | _a1ª ed. | ||
| 260 |
_aMadrid : _bCivitas, _c1982 |
||
| 300 |
_a390 páginas ; _c25 cm |
||
| 650 | 4 |
_aDerecho administrativo- _zEspaña _9145992 |
|
| 710 | 2 |
_aEditorial Civitas _eedt _9242115 |
|
| 852 | 4 |
_aES-MaACL _bR.104192 _cDEPO2 _jL-3293 |
|
| 942 |
_2udc _cMONOGRAFIA _n0 |
||
| 999 |
_c75586 _d75586 |
||